Europe Map Quiz in Ukrainian - Statistics

General Stats
  • This quiz has been taken 87 times
  • The average score is 26 of 45
Answers on the Map
Answers color-coded by a green-red scale on the quiz's map according to % correct below.
 
Answer Stats
Answer % Correct
Естонія
73%
Андорра
69%
Молдова
69%
Україна
69%
Італія
67%
Косово
67%
Монако
67%
Росія
67%
Ірландія
65%
Мальта
63%
Сан-Марино
63%
Сербія
63%
Боснія і
Герцеговина
63%
Австрія
61%
Албанія
61%
Болгарія
61%
Ісландія
61%
Латвія
61%
Португалія
61%
Данія
59%
Іспанія
59%
Норвегія
59%
Польща
59%
Румунія
59%
Білорусь
57%
Бельгія
57%
Греція
57%
Литва
57%
Люксембург
57%
Словаччина
57%
Ватикан
55%
Ліхтенштейн
55%
Нідерланди
55%
Словенія
55%
Фінляндія
55%
Франція
55%
Чехія
53%
Північна
Македонія
53%
Швеція
51%
Об'єднане
Королівство
51%
Німеччина
49%
Угорщина
49%
Хорватія
49%
Швейцарія
49%
Чорногорія
47%
No matching quizzes found
Score Distribution
Percent of People with Each Score
Percentile by Number Answered
Your Score History
You have not taken this quiz